[Event "Titled Tuesday 2025.03.11 Late"]
[Site "Chess.com INT"]
[Date "2025.03.11"]
[Round "6"]
[White "Mendes, Aaron Reeve"]
[Black "Serban, Cristian Stefan"]
[Result "0-1"]
[WhiteElo "2334"]
[BlackElo "2332"]
[PlyCount "80"]
[GameId "2156576498217960"]
[EventDate "2025.03.11"]
[EventType "swiss (blitz)"]
[EventRounds "11"]
[EventCountry "NET"]
[SourceTitle "Mega2025 Update 20"]
[Source "Chessbase"]
[SourceDate "2025.03.21"]
[SourceVersion "1"]
[SourceVersionDate "2025.03.21"]
[SourceQuality "1"]

1. e4 c6 2. Nf3 d5 3. Nc3 Bg4 4. h3 Bxf3 5. Qxf3 e6 6. d4 dxe4 7. Nxe4 Qxd4 8. Bd3 Nf6 9. c3 Qd8 10. Bg5 Be7 11. Bxf6 Bxf6 12. O-O-O Nd7 13. Nd6+ Kf8 14. Nxb7 Qc7 15. Be4 Ne5 16. Qe2 Qxb7 17. f4 Nd7 18. g4 Nb6 19. g5 Be7 20. f5 Bxg5+ 21. Kc2 exf5 22. Bf3 Re8 23. Qg2 Nc4 24. Kb1 Ne5 25. Rhe1 Bf6 26. Rd6 Nxf3 27. Rxe8+ Kxe8 28. Qxf3 Ke7 29. Rxc6 Rb8 30. b3 Kf8 31. Qd5 Re8 32. Kb2 f4 33. Qd6+ Qe7 34. Qxf4 h6 35. Rc7 Qe2+ 36. Ka3 Qa6+ 37. Kb2 Re2+ 38. Kc1 Bg5 39. Rc8+ Ke7 40. Rc7+ Kd8 0-1

[Event "Titled Tuesday 2025.03.11 Late"]
[Site "Chess.com INT"]
[Date "2025.03.11"]
[Round "7"]
[White "Mendes, Aaron Reeve"]
[Black "Sharankov, Grigory"]
[Result "1/2-1/2"]
[WhiteElo "2334"]
[BlackElo "2238"]
[PlyCount "121"]
[GameId "2156576498304189"]
[EventDate "2025.03.11"]
[EventType "swiss (blitz)"]
[EventRounds "11"]
[EventCountry "NET"]
[SourceTitle "Mega2025 Update 20"]
[Source "Chessbase"]
[SourceDate "2025.03.21"]
[SourceVersion "1"]
[SourceVersionDate "2025.03.21"]
[SourceQuality "1"]

1. e4 e6 2. Nf3 d5 3. Nc3 d4 4. Ne2 c5 5. c3 Nf6 6. e5 Nfd7 7. cxd4 cxd4 8. Nexd4 Nxe5 9. Bb5+ Nec6 10. O-O Bd7 11. Nxc6 Nxc6 12. d4 Nb4 13. Qa4 a6 14. Bxd7+ Qxd7 15. Qb3 Bd6 16. Bf4 Bxf4 17. Qxb4 Bd6 18. Qb6 O-O 19. Rac1 Rac8 20. Ne5 Qe7 21. g3 h5 22. h4 Rfd8 23. Nc4 Rc6 24. Qb3 Bb8 25. Ne3 Rxc1 26. Rxc1 Ba7 27. d5 Bxe3 28. Qxe3 Rxd5 29. Qb6 Rb5 30. Qd4 Qf6 31. Rc8+ Kh7 32. Qd3+ Qf5 33. Qd2 Rd5 34. Qe2 Re5 35. Qd2 Rd5 36. Qe1 Qf3 37. Rc1 b5 38. Kh2 g5 39. Rc3 Qf6 40. Qe4+ Kg7 41. Rf3 Qg6 42. Qe3 Rf5 43. Qc3+ Kh7 44. hxg5 Qxg5 45. Qd3 Kg6 46. Rf4 Kf6 47. Qd4+ Kg6 48. Qd3 Kg7 49. Qd4+ Qf6 50. Qd2 Rxf4 51. gxf4 Qf5 52. Qe3 Kg6 53. Qg3+ Qg4 54. Qd3+ f5 55. Qe3 Kf7 56. Qe5 Qh4+ 57. Kg2 Qg4+ 58. Kh2 Qh4+ 59. Kg2 Qe7 60. Qh8 Qh4 61. Qe5 1/2-1/2

[Event "Titled Tuesday 2025.03.11 Late"]
[Site "Chess.com INT"]
[Date "2025.03.11"]
[Round "8"]
[White "Shafer, Logan Clark"]
[Black "Mendes, Aaron Reeve"]
[Result "0-1"]
[WhiteElo "2177"]
[BlackElo "2334"]
[PlyCount "188"]
[GameId "2156576498390400"]
[EventDate "2025.03.11"]
[EventType "swiss (blitz)"]
[EventRounds "11"]
[EventCountry "NET"]
[SourceTitle "Mega2025 Update 20"]
[Source "Chessbase"]
[SourceDate "2025.03.21"]
[SourceVersion "1"]
[SourceVersionDate "2025.03.21"]
[SourceQuality "1"]

1. d4 d5 2. Nf3 Nf6 3. Bf4 g6 4. e3 Bg7 5. Be2 O-O 6. O-O c5 7. Nbd2 Nc6 8. h3 Nh5 9. Bh2 cxd4 10. exd4 Nxd4 11. Nxd4 Bxd4 12. Bxh5 gxh5 13. c3 Bg7 14. Qxh5 e6 15. Rad1 Qf6 16. Nf3 Qg6 17. Qxg6 hxg6 18. Rfe1 b6 19. Nd4 Ba6 20. Nc6 Bf6 21. Be5 Bg5 22. f4 Bh4 23. Re3 Rfc8 24. Nb4 Bb7 25. g3 Be7 26. Nd3 f6 27. Bd4 Kf7 28. Rde1 Rc6 29. g4 Rg8 30. g5 Ba6 31. gxf6 Bxf6 32. Bxf6 Bxd3 33. Bd4 Bf5 34. Kh2 Rc7 35. Rg1 Ke8 36. Rg5 Rh7 37. Be5 Kf7 38. Reg3 b5 39. Re3 a6 40. Bd4 Rc8 41. Rg1 Rh4 42. Be5 Rc4 43. b3 Rc6 44. Rgg3 Rb6 45. Rg1 Ke8 46. Rc1 Rb7 47. Rg3 Rbh7 48. c4 Bxh3 49. Kg1 Bf5 50. Kf2 bxc4 51. bxc4 d4 52. c5 Be4 53. Bxd4 Rxf4+ 54. Ke3 Rhf7 55. Be5 Rh4 56. c6 Bxc6 57. Rxc6 Rf5 58. Rc8+ Kd7 59. Rc7+ Kd8 60. Rc5 g5 61. Rxg5 Rh3+ 62. Ke2 Rxg5 63. Bf6+ Kd7 64. Bxg5 Rh2+ 65. Kd3 Rxa2 66. Kc3 Ra3+ 67. Kb4 Ra1 68. Bf4 Rb1+ 69. Ka5 Ra1+ 70. Kb6 Ke7 71. Be5 Ra2 72. Rc7+ Ke8 73. Rh7 Re2 74. Bf6 Kf8 75. Kxa6 Rf2 76. Bd4 Rf5 77. Kb6 Rd5 78. Bc5+ Kg8 79. Kc6 Kxh7 80. Bd6 Kg6 81. Bc5 Kf5 82. Bd6 Rd1 83. Bc5 e5 84. Kb5 e4 85. Bb4 Kg4 86. Kc4 Kf3 87. Bc3 e3 88. Kb3 e2 89. Kc2 Ke3 90. Kb3 Kd3 91. Bb2 e1=Q 92. Ka2 Rd2 93. Ka3 Qb1 94. Bc3 Ra2# 0-1

[Event "Titled Tuesday 2025.03.11 Late"]
[Site "Chess.com INT"]
[Date "2025.03.11"]
[Round "9"]
[White "Mendes, Aaron Reeve"]
[Black "Marchand, Calix"]
[Result "1/2-1/2"]
[WhiteElo "2334"]
[BlackElo "2104"]
[PlyCount "164"]
[GameId "2156576498439669"]
[EventDate "2025.03.11"]
[EventType "swiss (blitz)"]
[EventRounds "11"]
[EventCountry "NET"]
[SourceTitle "Mega2025 Update 20"]
[Source "Chessbase"]
[SourceDate "2025.03.21"]
[SourceVersion "1"]
[SourceVersionDate "2025.03.21"]
[SourceQuality "1"]

1. e4 d5 2. exd5 Qxd5 3. Nc3 Qa5 4. d4 Nf6 5. Be2 c6 6. Nf3 Bf5 7. a3 e6 8. O-O Nbd7 9. Bf4 Ne4 10. Nxe4 Bxe4 11. Nd2 Bg6 12. Nc4 Qd5 13. Bg3 Be7 14. Ne3 Qa5 15. Nc4 Qd5 16. Ne3 Qa5 17. c4 O-O 18. b4 Qd8 19. d5 cxd5 20. cxd5 Nb6 21. dxe6 fxe6 22. Qb3 Bf7 23. Rfd1 Qe8 24. Be5 Bf6 25. Bxf6 gxf6 26. Ng4 Qe7 27. a4 h5 28. Ne3 Rad8 29. a5 Nd7 30. Nc4 Nb8 31. Qg3+ Kh8 32. Nd6 Nc6 33. Qf4 Ne5 34. Qh6+ Kg8 35. Nxf7 Qxf7 36. Bxh5 Qg7 37. Qxg7+ Kxg7 38. Be2 Nc6 39. b5 Nd4 40. Bf1 Nb3 41. Rxd8 Rxd8 42. Ra3 Nc5 43. b6 axb6 44. axb6 Rd6 45. Rc3 Na4 46. Rc7+ Kg6 47. Rxb7 Nxb6 48. g3 Nd5 49. Bd3+ f5 50. h4 Nf6 51. Bc4 e5 52. Re7 e4 53. Kg2 Ng4 54. Re6+ Rxe6 55. Bxe6 Kf6 56. Bc4 Ne5 57. Be2 Ng6 58. Kf1 Ke5 59. Ke1 f4 60. Bh5 Ne7 61. Bg4 fxg3 62. fxg3 Nd5 63. Be2 Nf6 64. Kf2 Nd5 65. Bc4 Nb6 66. Bg8 Nd7 67. Ke2 Nf6 68. Bc4 Nh5 69. Kf2 Nf6 70. Be2 Kd4 71. g4 Ke5 72. g5 Nh7 73. Bg4 Nf8 74. Ke3 Ng6 75. h5 Nh4 76. g6 Kf6 77. Kxe4 Nxg6 78. h6 Nh8 79. Bh5 Kg5 80. h7 Kxh5 81. Kf5 Kh6 82. Kf6 Kxh7 1/2-1/2

[Event "Titled Tuesday 2025.03.11 Late"]
[Site "Chess.com INT"]
[Date "2025.03.11"]
[Round "10"]
[White "Lai, Duc Minh1"]
[Black "Mendes, Aaron Reeve"]
[Result "0-1"]
[WhiteElo "2072"]
[BlackElo "2334"]
[PlyCount "108"]
[GameId "2156576498468415"]
[EventDate "2025.03.11"]
[EventType "swiss (blitz)"]
[EventRounds "11"]
[EventCountry "NET"]
[SourceTitle "Mega2025 Update 20"]
[Source "Chessbase"]
[SourceDate "2025.03.21"]
[SourceVersion "1"]
[SourceVersionDate "2025.03.21"]
[SourceQuality "1"]

1. c4 c6 2. Nf3 d5 3. e3 Nf6 4. Nc3 g6 5. Be2 Bg7 6. O-O O-O 7. d4 dxc4 {7...a6 gains popularity. 7...a6 wird beliebter.} 8. Bxc4 b5 9. Bd3 Bb7 10. Ne2 $146 (10. e4 c5 11. e5 Ng4 12. Ng5 cxd4 13. Qxg4 dxc3 14. Rd1 Qc8 15. e6 f5 16. Qh4 h5 17. bxc3 {1-0 Wei,Y (2725)-Li,C (2683) CHN-chT Liaocheng 2021 (2.1)}) 10... Nbd7 11. Rb1 a6 12. b4 Nd5 13. a3 e5 14. dxe5 Nxe5 15. Nxe5 Bxe5 16. Bb2 Bxb2 17. Rxb2 a5 18. Be4 axb4 19. axb4 Ne7 20. Qd4 Qxd4 21. Nxd4 f5 22. Bf3 Rf6 23. Nxb5 cxb5 24. Bxb7 Ra4 25. Rd1 Kf7 26. g3 Rb6 27. Bf3 Ke6 28. Rc1 Nd5 29. Bxd5+ Kxd5 30. Rc5+ Ke4 31. Kg2 Kd3 32. Kf3 Ra3 33. Kf4 Rc3 34. Kg5 Rc4 35. Kh6 Kc3 36. Rb1 Rb7 37. h4 Kc2 38. Ra1 Kb2 39. Ra5 Rxb4 40. h5 Rb6 41. Kxh7 gxh5 42. Rxf5 h4 43. gxh4 Rxh4+ 44. Kg7 b4 45. f4 b3 46. e4 Rg4+ 47. Kf7 Rb7+ 48. Kf6 Rg8 49. Rfb5 Rf8+ 50. Ke5 Re7+ 51. Kd6 Rxe4 52. f5 Kc2 53. Ra3 Re3 54. Ra7 Rf6+ 0-1

[Event "Titled Tuesday 2025.03.11 Late"]
[Site "Chess.com INT"]
[Date "2025.03.11"]
[Round "11"]
[White "Mendes, Aaron Reeve"]
[Black "Venkatesh, Narayan"]
[Result "1-0"]
[WhiteElo "2334"]
[BlackElo "2203"]
[PlyCount "67"]
[GameId "2156576498501253"]
[EventDate "2025.03.11"]
[EventType "swiss (blitz)"]
[EventRounds "11"]
[EventCountry "NET"]
[SourceTitle "Mega2025 Update 20"]
[Source "Chessbase"]
[SourceDate "2025.03.21"]
[SourceVersion "1"]
[SourceVersionDate "2025.03.21"]
[SourceQuality "1"]

1. e4 d6 2. d4 g6 3. Nc3 Bg7 4. Be3 Nd7 5. f3 e5 6. Qd2 Ngf6 7. Nge2 O-O 8. O-O-O c6 9. g4 a5 10. h4 a4 11. a3 b5 12. h5 Qc7 13. Bh6 Nb6 14. Ng3 exd4 15. Bxg7 Kxg7 16. hxg6 fxg6 17. Qh6+ Kg8 18. Rxd4 d5 19. g5 Qxg3 20. gxf6 Rf7 21. exd5 Nxd5 22. Nxd5 cxd5 23. Bd3 Qxf3 24. Bxg6 Rxf6 25. Qxh7+ Kf8 26. Re1 Be6 27. Qh8+ Ke7 28. Qxa8 Rxg6 29. Qb7+ Kf6 30. Qxb5 Bf5 31. Qxd5 Qf2 32. Qe5+ Kf7 33. Qe7+ Kg8 34. Rd8# 1-0

[Event "Titled Tuesday 2025.02.04 Late"]
[Site "Chess.com INT"]
[Date "2025.02.04"]
[Round "1"]
[White "Mendes, Aaron Reeve"]
[Black "Can, Melih Kaan"]
[Result "1-0"]
[WhiteElo "2335"]
[BlackElo "2171"]
[PlyCount "113"]
[GameId "2143899100802929"]
[EventDate "2025.02.04"]
[EventType "swiss (blitz)"]
[EventRounds "11"]
[EventCountry "NET"]
[SourceTitle "Mega2025 Update 15"]
[Source "Chessbase"]
[SourceDate "2025.02.14"]
[SourceVersion "1"]
[SourceVersionDate "2025.02.14"]
[SourceQuality "1"]

1. e4 c5 2. Nf3 d6 3. Bb5+ Bd7 4. Bxd7+ Qxd7 5. O-O Nc6 6. Re1 e6 7. c3 d5 {is recently more successful than 7...Nf6. ist inzwischen erfolgreicher als 7...Sf6.} 8. e5 Nge7 9. d4 Nf5 10. a3 Be7 $146 (10... c4 11. Bf4 h5 12. g3 O-O-O 13. Nbd2 Kb8 14. b3 cxb3 15. Nxb3 Ka8 16. Qd3 Rc8 {1-0 Pranav,V (2621)-Vachier Lagrave,M (2731) Wch Blitz New York 2024 (2)}) 11. Be3 O-O 12. Nbd2 cxd4 13. cxd4 Rac8 14. Nf1 f6 15. exf6 Bxf6 16. Ng3 Qd6 17. Nxf5 exf5 18. Qd2 Rfe8 19. Bf4 Qd8 20. h3 Qb6 21. Be3 Re4 22. Red1 Na5 23. Rac1 Nc4 24. Qb4 Qxb4 25. axb4 Rce8 26. Bg5 Nxb2 27. Bxf6 Nxd1 28. Be5 Nb2 29. Rc7 R4xe5 30. Nxe5 Nc4 31. Nd3 Rb8 32. Nf4 a5 33. Nxd5 a4 34. Rxc4 b5 35. Rc3 Rd8 36. Nc7 Rxd4 37. Nxb5 Rxb4 38. Na3 Kf7 39. Kf1 Rb2 40. Nc2 Rb3 41. Rxb3 axb3 42. Na3 Ke6 43. Ke2 Ke5 44. Kd3 f4 45. Nc4+ Kd5 46. Nb2 g5 47. Kc3 f3 48. g3 h5 49. Kxb3 Kd4 50. Kc2 Ke4 51. Kd2 Kd4 52. Nd3 Ke4 53. Ne1 g4 54. hxg4 h4 55. gxh4 Kf4 56. h5 Kxg4 57. h6 1-0

[Event "Titled Tuesday 2025.02.04 Late"]
[Site "Chess.com INT"]
[Date "2025.02.04"]
[Round "2"]
[White "Girsh, Daniel"]
[Black "Mendes, Aaron Reeve"]
[Result "1-0"]
[WhiteElo "2166"]
[BlackElo "2335"]
[PlyCount "95"]
[GameId "2143899100897392"]
[EventDate "2025.02.04"]
[EventType "swiss (blitz)"]
[EventRounds "11"]
[EventCountry "NET"]
[SourceTitle "Mega2025 Update 15"]
[Source "Chessbase"]
[SourceDate "2025.02.14"]
[SourceVersion "1"]
[SourceVersionDate "2025.02.14"]
[SourceQuality "1"]

1. c4 c6 2. d4 d5 3. cxd5 cxd5 4. Nc3 Nc6 5. Bf4 a6 6. e3 Nf6 7. Rc1 Bf5 8. Be2 e6 9. Nf3 Bd6 10. Bg3 O-O 11. O-O h6 12. Na4 Ne4 13. Bxd6 Qxd6 14. Nc5 Nxc5 15. Rxc5 b6 16. Rc3 Rfc8 17. Qd2 Ne7 18. Rfc1 Rxc3 19. Rxc3 a5 20. Ne5 f6 21. Nd3 g5 22. Qc1 Ra7 23. h3 Kg7 24. a3 Bg6 25. Bf1 Be8 26. Qc2 Bb5 27. Nc1 Bxf1 28. Kxf1 Qh2 29. Ne2 h5 30. Ng3 h4 31. Nh5+ Kh6 32. Nxf6 Qh1+ 33. Ke2 Nf5 34. Ng4+ Kg6 35. Rc6 Re7 36. Rc7 Rxc7 37. Qxc7 Qxg2 38. Ne5+ Kh6 39. Qf7 Ng3+ 40. Kd2 Ne4+ 41. Ke2 Ng3+ 42. Kd1 Qh1+ 43. Kc2 Qe4+ 44. Kb3 Qf5 45. fxg3 hxg3 46. Ng4+ Qxg4 47. hxg4 g2 48. Qf2 1-0

[Event "Titled Tuesday 2025.02.04 Late"]
[Site "Chess.com INT"]
[Date "2025.02.04"]
[Round "3"]
[White "Mendes, Aaron Reeve"]
[Black "Kanakaris, Georgios"]
[Result "1-0"]
[WhiteElo "2335"]
[BlackElo "2396"]
[PlyCount "89"]
[GameId "2143899101016483"]
[EventDate "2025.02.04"]
[EventType "swiss (blitz)"]
[EventRounds "11"]
[EventCountry "NET"]
[SourceTitle "Mega2025 Update 15"]
[Source "Chessbase"]
[SourceDate "2025.02.14"]
[SourceVersion "1"]
[SourceVersionDate "2025.02.14"]
[SourceQuality "1"]

1. e4 Nf6 2. e5 Nd5 3. c4 Nb6 4. d4 d6 5. f4 dxe5 6. fxe5 Bf5 7. Nc3 e6 8. Be3 Nc6 9. Be2 Be7 10. Nf3 O-O 11. O-O f6 12. exf6 Bxf6 13. Qd2 Qe7 14. Rad1 Rad8 15. h3 Bg6 16. b3 Kh8 17. Qe1 Rd7 18. Rd2 Rfd8 19. Qf2 Qb4 20. Rc1 Rf7 21. Qg3 a6 22. Bd3 Qa3 23. Rcd1 Bxd3 24. Rxd3 Nb4 25. R3d2 Rdf8 26. Ne4 Nxc4 27. bxc4 Qxe3+ 28. Nf2 Be7 29. Qe5 Rxf3 30. gxf3 Qxf3 31. Qe4 Qg3+ 32. Qg2 Qh4 33. Qg4 Qh6 34. Re2 Bh4 35. Rf1 Nc6 36. Rxe6 Bxf2+ 37. Rxf2 Qc1+ 38. Kg2 Rxf2+ 39. Kxf2 Qd2+ 40. Kg3 Qd3+ 41. Kh4 h6 42. d5 Nd4 43. Re8+ Kh7 44. Re4 Qxe4 45. Qxe4+ 1-0

[Event "Titled Tuesday 2025.02.04 Late"]
[Site "Chess.com INT"]
[Date "2025.02.04"]
[Round "4"]
[White "Sokhor, Nazar"]
[Black "Mendes, Aaron Reeve"]
[Result "0-1"]
[WhiteElo "2243"]
[BlackElo "2335"]
[PlyCount "74"]
[GameId "2143899101061647"]
[EventDate "2025.02.04"]
[EventType "swiss (blitz)"]
[EventRounds "11"]
[EventCountry "NET"]
[SourceTitle "Mega2025 Update 15"]
[Source "Chessbase"]
[SourceDate "2025.02.14"]
[SourceVersion "1"]
[SourceVersionDate "2025.02.14"]
[SourceQuality "1"]

1. d4 d5 2. Bf4 Nf6 3. e3 c5 4. c3 Nc6 5. Nd2 e6 6. Ngf3 Bd6 7. Bd3 O-O 8. Bg3 b6 9. Ne5 Bb7 10. f4 {10.0-0 is vanishing. 10.0-0 scheint zu verschwinden.} Rc8 11. Qf3 Ne7 12. Bf2 cxd4 13. exd4 Nd7 14. O-O f6 $146 (14... Bxe5 15. fxe5 f5 16. exf6 Nxf6 17. Qh3 Qd7 18. Rae1 Ne4 19. Nxe4 dxe4 20. Bxe4 Bxe4 21. Rxe4 {0-1 Martin Martin,L (2051)-Fuentes Arjona,A (1992) Madrid-ch Seniors 2014 (8)}) 15. Nxd7 Qxd7 16. Rae1 e5 17. fxe5 fxe5 18. Qh5 e4 19. Be2 Qf5 20. Qxf5 Nxf5 21. Bg4 Rce8 22. Be3 Nxe3 23. Rxe3 Bf4 24. Rxf4 Rxf4 25. Be2 g6 26. Nf1 Kg7 27. Rg3 a6 28. Ne3 b5 29. a3 Ref8 30. Nd1 Bc6 31. Rg5 h5 32. Re5 Kh6 33. Re6 Bd7 34. Rxa6 Bg4 35. Bxb5 Bxd1 36. h3 e3 37. Kh2 e2 0-1

[Event "Titled Tuesday 2025.02.04 Late"]
[Site "Chess.com INT"]
[Date "2025.02.04"]
[Round "5"]
[White "Mendes, Aaron Reeve"]
[Black "Bluebaum, Matthias"]
[Result "1-0"]
[WhiteElo "2335"]
[BlackElo "2643"]
[PlyCount "125"]
[GameId "2143899101201276"]
[EventDate "2025.02.04"]
[EventType "swiss (blitz)"]
[EventRounds "11"]
[EventCountry "NET"]
[SourceTitle "Mega2025 Update 15"]
[Source "Chessbase"]
[SourceDate "2025.02.14"]
[SourceVersion "1"]
[SourceVersionDate "2025.02.14"]
[SourceQuality "1"]

1. e4 e6 2. Nf3 d5 3. Nc3 Nf6 4. e5 Nfd7 5. d4 c5 6. Ne2 Nc6 {6...Nc6 scores better than 6...cxd4. 6...Sc6 punktet besser als 6...cxd4.} 7. c3 Be7 8. h4 cxd4 9. cxd4 f6 10. Nf4 Ndxe5 11. dxe5 fxe5 12. Nh3 O-O 13. Be2 e4 14. Nd4 e5 15. Nxc6 $146 (15. Nb3 Bxh4 16. g3 Bf6 17. Be3 b6 18. Ng5 h6 19. Nxe4 dxe4 20. Bc4+ Kh7 21. Bd5 {0-1 Roebers,E (2368)-Bluebaum,M (2658) Titled Tuesday intern op 20th Feb Late Chess.com INT blitz 2024 (2)}) 15... bxc6 16. g3 h6 17. Bg4 Ba6 18. Be2 Bc8 19. Bg4 Bb4+ 20. Kf1 Bc5 21. Kg2 Qf6 22. Bxc8 Raxc8 23. Be3 d4 24. Bd2 Kh8 25. Qe2 Qg6 26. Rhe1 e3 27. fxe3 d3 28. Qd1 Qe4+ 29. Kh2 Rf3 30. Rc1 Rcf8 31. Rxc5 Rf2+ 32. Nxf2 Rxf2+ 33. Kh3 Qg2+ 34. Kg4 Qe4+ 35. Kh3 Qg2+ 36. Kg4 Rf6 37. h5 Rf2 38. Rxe5 Rxd2 39. Qf3 Qxf3+ 40. Kxf3 Rxb2 41. Rd1 d2 42. Re8+ Kh7 43. Rd8 Rb5 44. g4 c5 45. R1xd2 c4 46. R2d7 Rb1 47. Rc8 Rf1+ 48. Kg2 Rf6 49. Rcc7 Kg8 50. Rxg7+ Kf8 51. Rh7 Kg8 52. Rhd7 a5 53. Rc8+ Rf8 54. Rxc4 Rf7 55. Rcc7 Rxd7 56. Rxd7 a4 57. g5 a3 58. gxh6 Kh8 59. Kf3 Kg8 60. Kg4 Kh8 61. Kg5 Kg8 62. Kg6 Kh8 63. Rd8# 1-0

[Event "Titled Tuesday 2025.02.04 Late"]
[Site "Chess.com INT"]
[Date "2025.02.04"]
[Round "7"]
[White "Ilinca Ilinca, Felix Antonio"]
[Black "Mendes, Aaron Reeve"]
[Result "0-1"]
[WhiteElo "2412"]
[BlackElo "2335"]
[PlyCount "128"]
[GameId "2143899101402473"]
[EventDate "2025.02.04"]
[EventType "swiss (blitz)"]
[EventRounds "11"]
[EventCountry "NET"]
[SourceTitle "Mega2025 Update 15"]
[Source "Chessbase"]
[SourceDate "2025.02.14"]
[SourceVersion "1"]
[SourceVersionDate "2025.02.14"]
[SourceQuality "1"]

1. d4 d5 2. Nc3 Nf6 3. Bf4 a6 4. e3 Bf5 5. Bd3 Bxd3 6. cxd3 e6 7. Qb3 b5 8. Nf3 Bd6 9. Bxd6 Qxd6 10. e4 Qd8 11. O-O O-O 12. a4 bxa4 13. Qxa4 Nbd7 14. Qc6 Nb6 15. Rfc1 Qd6 16. Na4 Qxc6 17. Rxc6 Nxa4 18. Rxa4 dxe4 19. dxe4 Nxe4 20. Rxc7 Rfc8 21. Rxa6 Rcb8 22. Rxa8 Rxa8 23. g3 f6 24. Re7 Ra6 25. Kg2 Rb6 26. Ne1 Kf8 27. Rd7 Rxb2 28. Nd3 Rd2 29. Nf4 Rxf2+ 30. Kg1 e5 31. dxe5 fxe5 32. Ne6+ Ke8 33. Rxg7 Rc2 34. Rxh7 Nf6 35. Ra7 Ng4 36. h3 Ne3 37. g4 Rg2+ 38. Kh1 Rg3 39. Ng5 Nc4 40. Ra4 Nd2 41. Kh2 Nf1+ 42. Kh1 Nd2 43. Ra5 Nc4 44. Rc5 Ne3 45. Rxe5+ Kf8 46. Kh2 Nf1+ 47. Kh1 Kg7 48. Re1 Kg6 49. Rxf1 Kxg5 50. Kh2 Kh4 51. Rf8 Rxh3+ 52. Kg2 Rg3+ 53. Kh2 Rh3+ 54. Kg2 Rg3+ 55. Kf2 Rxg4 56. Kf3 Rg5 57. Rh8+ Rh5 58. Rg8 Rb5 59. Rg4+ Kh5 60. Rc4 Rb3+ 61. Kf4 Rb5 62. Rc8 Kg6 63. Rc6+ Kf7 64. Rg6 Kxg6 0-1

[Event "Titled Tuesday 2025.02.04 Late"]
[Site "Chess.com INT"]
[Date "2025.02.04"]
[Round "8"]
[White "Mendes, Aaron Reeve"]
[Black "Santos Latasa, Jaime"]
[Result "0-1"]
[WhiteElo "2335"]
[BlackElo "2631"]
[PlyCount "76"]
[GameId "2143899101435313"]
[EventDate "2025.02.04"]
[EventType "swiss (blitz)"]
[EventRounds "11"]
[EventCountry "NET"]
[SourceTitle "Mega2025 Update 15"]
[Source "Chessbase"]
[SourceDate "2025.02.14"]
[SourceVersion "1"]
[SourceVersionDate "2025.02.14"]
[SourceQuality "1"]

1. e4 c5 2. Nf3 Nc6 3. Bb5 e6 4. Bxc6 bxc6 5. O-O Ne7 6. b3 f6 7. Bb2 Ng6 8. d4 cxd4 9. Nxd4 e5 $5 {[%mdl 4] A promising side line. Eine vielversprechende Nebenvariante.} 10. Nf3 $146 (10. Nf5 d5 11. Ng3 Be6 12. Nd2 Qd7 13. c4 d4 14. Nf3 c5 15. Ne1 Bd6 16. Nd3 {0-1 Diaz Mino,D (2100)-Cuenca Jimenez,J (2558) Alicante Easter op 6th 2022 (2)}) 10... d5 11. Nbd2 Be7 12. c4 O-O 13. Ne1 dxe4 14. Nxe4 Qc7 15. Nd3 f5 16. Nc3 e4 17. Nc1 Be6 18. N1e2 Rad8 19. Qc2 Ne5 20. Rad1 Nd3 21. Bc1 Bd6 22. g3 Be5 23. Be3 c5 24. Rd2 Qf7 25. Rfd1 Rc8 26. f4 exf3 27. Rxd3 fxe2 28. Nxe2 f4 29. Bxf4 Bxf4 30. Nxf4 Bf5 31. Qc3 Bxd3 32. Rxd3 Rcd8 33. Rd5 Rxd5 34. cxd5 g5 35. Qxc5 gxf4 36. d6 fxg3 37. Qg5+ Kh8 38. Qd5 Qxd5 0-1

[Event "Titled Tuesday 2025.02.04 Late"]
[Site "Chess.com INT"]
[Date "2025.02.04"]
[Round "9"]
[White "Mendes, Aaron Reeve"]
[Black "Xiong, Jeffery"]
[Result "0-1"]
[WhiteElo "2335"]
[BlackElo "2636"]
[PlyCount "76"]
[GameId "2143899101505117"]
[EventDate "2025.02.04"]
[EventType "swiss (blitz)"]
[EventRounds "11"]
[EventCountry "NET"]
[SourceTitle "Mega2025 Update 15"]
[Source "Chessbase"]
[SourceDate "2025.02.14"]
[SourceVersion "1"]
[SourceVersionDate "2025.02.14"]
[SourceQuality "1"]

1. e4 c5 2. Nf3 a6 3. c4 Nc6 4. d4 cxd4 5. Nxd4 Nf6 6. Nc3 e5 7. Nc2 Bc5 8. Be2 d6 9. Be3 O-O 10. O-O Be6 11. b3 Bxe3 12. Nxe3 Nd4 13. Nc2 Nxe2+ 14. Qxe2 b5 15. Ne3 bxc4 16. bxc4 Qa5 17. Qd3 Rfc8 18. Rab1 Nd7 19. Ncd5 Qd8 20. Qa3 Rc6 21. f3 g6 22. Rb7 Rb8 23. Rfb1 Rxb7 24. Rxb7 Kg7 25. Qa4 Qc8 26. Ra7 Bxd5 27. Nxd5 Rxc4 28. Qa5 Rc5 29. Qxa6 Rc1+ 30. Kf2 Qc5+ 31. Kg3 Rc2 32. Kh3 Qg1 33. Ne3 Qxe3 34. Rxd7 Qh6+ 35. Kg3 Qg5+ 36. Kh3 Qxg2+ 37. Kh4 Qxh2+ 38. Kg5 Qf4# 0-1

[Event "Titled Tuesday 2025.02.04 Late"]
[Site "Chess.com INT"]
[Date "2025.02.04"]
[Round "10"]
[White "Gokerkan, Cem Kaan"]
[Black "Mendes, Aaron Reeve"]
[Result "1-0"]
[WhiteElo "2473"]
[BlackElo "2335"]
[PlyCount "83"]
[GameId "2143899101599578"]
[EventDate "2025.02.04"]
[EventType "swiss (blitz)"]
[EventRounds "11"]
[EventCountry "NET"]
[SourceTitle "Mega2025 Update 15"]
[Source "Chessbase"]
[SourceDate "2025.02.14"]
[SourceVersion "1"]
[SourceVersionDate "2025.02.14"]
[SourceQuality "1"]

1. e4 c5 2. c3 Nf6 3. e5 Nd5 4. d4 cxd4 5. Nf3 d6 6. Qxd4 e6 7. Nbd2 a6 8. exd6 Nc6 9. Qg4 Nf6 10. Qg3 Bxd6 11. Qxg7 Rg8 12. Qh6 Rg6 13. Qe3 Nd5 14. Qe4 b5 15. g3 Bb7 16. Bg2 Na5 17. Qh4 Nf4 18. Bf1 Qxh4 19. gxh4 Nc4 20. Bxc4 bxc4 21. Nxc4 Bxf3 22. Nxd6+ Ke7 23. Bxf4 Bxh1 24. O-O-O Bf3 25. Re1 Rg4 26. Bg3 Kf6 27. Re3 Bd5 28. c4 Bc6 29. h3 Rgg8 30. b4 Ke7 31. Nf5+ Kf6 32. Nd6 Rgd8 33. h5 Ke7 34. c5 Rd7 35. Kb2 a5 36. b5 Bd5 37. a4 Kf8 38. Kc3 Rad8 39. Kd4 f6 40. Bh4 e5+ 41. Kxd5 Ke7 42. Rxe5+ 1-0